MARC

LEADER 00000nam0a2200000 4500
001 295933
005 20231102000846.0
020 |a RU  |b 83-38509 
035 |a (RuTPU)RU\TPU\book\321025 
090 |a 295933 
100 |a 20150526d1983 k y0rusy5003 ca 
101 0 |a rus 
102 |a RU 
105 |a a z 001zy 
200 1 |a Трещины горных пород  |f С. Н. Чернышев  |g Академия наук СССР (АН СССР), Научный совет по инженерной геологии и гидрогеологии 
210 |a Москва  |c Наука  |d 1983 
215 |a 240 с.  |c ил. 
320 |a Библиогр.: с. 231-238 
606 |a Горные породы  |x Трещиноватость  |2 stltpush  |3 (RuTPU)RU\TPU\subj\8086  |9 35577 
610 1 |a горное дело 
610 1 |a терминология 
610 1 |a механические свойства 
610 1 |a строение 
610 1 |a массивы 
610 1 |a макроструктура 
610 1 |a магматические горные породы 
610 1 |a генетические типы 
610 1 |a камеральная обработка 
610 1 |a полевые измерения 
610 1 |a инженерные задачи 
610 1 |a складки 
610 1 |a фильтрация 
610 1 |a деформации 
610 1 |a разрывы 
675 |a 622.831  |v 3 
700 1 |a Чернышев  |b С. Н.  |g Сергей Николаевич 
712 0 2 |a Академия наук СССР (АН СССР)  |b Научный совет по инженерной геологии и гидрогеологии  |c (Ленинград/Москва)  |c (1925-1991)  |2 stltpush  |3 (RuTPU)RU\TPU\col\722 
801 0 |a RU  |b RuMRKP  |c 19950704  |g psbo 
801 1 |a RU  |b 63413507  |c 20150526 
801 2 |a RU  |b 63413507  |c 20191106  |g RCR 
942 |c BK